000 00429nam a2200157 i 4500
001 51695
003 ES-MaACL
005 20230906162419.0
007 t|
008 030814s1965 sp ||||1| spa d
100 0 _aDaniélou, Jean.
_942633
245 1 0 _aHistoria de la salvación y liturgia /
_cJean Danielou.
260 _aSalamanca :
_bSígueme,
_c1965.
300 _a127 p. ;
_c19 cm.
852 _aES-MaACL
_jC-29473
_bR.59666
999 _c51695
_d51695